Využitie metódy Magnetického Barkhausenovho šumu na monitoring radiačného poškodenia
Salvato in:
| Autore principale: | |
|---|---|
| Altri autori: | |
| Natura: | Manoscritto Libro |
| Lingua: | slovacco |
| Pubblicazione: |
Bratislava :
STU v Bratislave FEI,
2024
|
| Soggetti: | |
| Accesso online: | https://opac.crzp.sk/?fn=detailBiblioFormChildW11VF8&sid=ACFB8EE4E9848345294AB106A168&seo=CRZP-detail-kniha |
| Tags: |
Nessun Tag, puoi essere il primo ad aggiungerne!!
|
MARC
| LEADER | 00000ntm a22000003a 4500 | ||
|---|---|---|---|
| 001 | stuzp98760 | ||
| 003 | SK-STU | ||
| 005 | 20250327122859.8 | ||
| 007 | ta | ||
| 008 | 150427s2015----xo-----f-mn---000-0-slo-d | ||
| 040 | |a STU |b slo | ||
| 041 | 0 | |a slo | |
| 044 | |a xo | ||
| 100 | 1 | |a Schmidtová, Nikola |u 036000 |4 aut |U FEI Fakulta elektrotechniky a informatiky |T FEI Ústav jadrového a fyzikálneho inžinierstva |X 115438 |U E060 |Y 817 |7 115438 | |
| 242 | 0 | 1 | |a Application of magnetic Barkhausen noise on radiation damage detection |y eng |
| 245 | 1 | 0 | |a Využitie metódy Magnetického Barkhausenovho šumu na monitoring radiačného poškodenia |
| 260 | |a Bratislava : |b STU v Bratislave FEI, |c 2024 | ||
| 300 | |a 53 s. | ||
| 650 | 4 | |a magnetický barkhausenov šum |2 slo | |
| 650 | 4 | |a modelové ocele |2 slo | |
| 650 | 4 | |a tlaková nádoba reaktora |2 slo | |
| 650 | 4 | |a poškodenie neutrónmi |2 slo | |
| 650 | 4 | |a vplyv prímesných prvkov |2 slo | |
| 650 | 4 | |a model steels |2 eng | |
| 650 | 4 | |a magnetic barkhausen noise |2 eng | |
| 650 | 4 | |a reactor pressure vessel |2 eng | |
| 650 | 4 | |a neutron irradiation |2 eng | |
| 650 | 4 | |a influence of alloying elements |2 eng | |
| 700 | 1 | |a Degmová, Jarmila |u 036000 |k Z1 |4 ths |U FEI Fakulta elektrotechniky a informatiky |T FEI Ústav jadrového a fyzikálneho inžinierstva |X 1915 |U E060 |Y 817 |7 A000001915 | |
| 856 | 4 | |u https://opac.crzp.sk/?fn=detailBiblioFormChildW11VF8&sid=ACFB8EE4E9848345294AB106A168&seo=CRZP-detail-kniha | |